banner-ar

DNA FINGERPRINTIG IN PLANTS AND FURJI / (Record no. 11671)

MARC details
000 -الفاتح
حقل البيانات ثابتة الطول 00494nam a2200193Ia 4500
008 - عناصر البيانات ثابتة الطول - معلومات عامة
حقل البيانات ثابتة الطول 140319s9999 xx 000 0 eng d
040 ## - مصدر الفهرسة
وكالة الفهرسة الأصلية GCL /
وكالة النسخ GCL
082 04 - رقم تصنيف ديوى العشرى
رقم التصنيف 581.8732
رقم المادة WD
100 1# - المدخل الرئيسى - إسم شخصى
الإسم الشخصى WEISING,KURT
245 10 - بيان العنوان
العنوان DNA FINGERPRINTIG IN PLANTS AND FURJI /
بيان المسئوليه,etc WEISING,KURT
700 1# - المدخل الاضافى - اسم شخصى
الإسم الشخصى NYBOM,HILDE
260 ## - PUBLICATION, DISTRIBUTION, ETC. (IMPRINT)
تاريخ النشر أو التوزيع 1994
300 ## - الوصف المادى
التعداد 322.P
650 04 - المدخل الاضافى بالموضوع-مصطلح موضوعى
مصطلح موضوعي PRINTING
650 04 - المدخل الاضافى بالموضوع-مصطلح موضوعى
مصطلح موضوعي DNA FINGER PRINTINY
650 04 - المدخل الاضافى بالموضوع-مصطلح موضوعى
مصطلح موضوعي FINGER PRINTING
942 ## - عناصر المدخل الإضافي( كوها)
مصدر التصنيف او مخطط الترفيف Dewey Decimal Classification
Koha [default] item type كتاب
260 ## - PUBLICATION, DISTRIBUTION, ETC. (IMPRINT)
-- [S.N] :
-- CRC PRESS ،
Holdings
حالة التراجع حالة الفقد حالة تلف ليس للاعارة المكان المؤقت الموقع الحالى تاريخ الاكتساب اجمالي اﻻعارات رقم الطلب الباركود تاريخ اخر مشاهدة تاريخ تفعيل السعر نوع وعاء كوها
        مكتبة القاهرة الكبرى مكتبة القاهرة الكبرى 03/26/2014   581.8732\WD 22969 03/26/2014 03/26/2014 كتاب

Powered By

EGPV